|
|
|
|
| LEADER |
00000nam0a2200000 4500 |
| 001 |
374277 |
| 005 |
20231102012634.0 |
| 020 |
|
|
|a RU
|b 86-48837
|
| 035 |
|
|
|a (RuTPU)RU\TPU\retro\31711
|
| 035 |
|
|
|a RU\TPU\book\249870
|
| 090 |
|
|
|a 374277
|
| 100 |
|
|
|a 20221219d1986 k y0rusy5003 ca
|
| 101 |
0 |
|
|a rus
|
| 102 |
|
|
|a RU
|
| 105 |
|
|
|a a z 001zy
|
| 200 |
1 |
|
|a Теория и практика прямого получения железа
|e [сборник статей]
|f Академия наук СССР (АН СССР), Институт металлургии им. А. А. Байкова (ИМЕТ) ; отв. ред. А. И. Манохин
|
| 210 |
|
|
|a Москва
|c Наука
|d 1986
|
| 215 |
|
|
|a 272 с.
|c ил.
|d 22 см
|
| 320 |
|
|
|a Библиогр. в конце статей
|
| 606 |
1 |
|
|a Железные руды
|x Восстановление прямое
|2 stltpush
|3 (RuTPU)RU\TPU\subj\10486
|9 37554
|
| 610 |
1 |
|
|a металлургия
|
| 610 |
1 |
|
|a железо
|
| 610 |
1 |
|
|a прямое получение
|
| 610 |
1 |
|
|a история
|
| 610 |
1 |
|
|a перспективы
|
| 610 |
1 |
|
|a СССР
|
| 610 |
1 |
|
|a железосодержащее сырье
|
| 610 |
1 |
|
|a восстановители
|
| 610 |
1 |
|
|a металлизация
|
| 610 |
1 |
|
|a технологии
|
| 675 |
|
|
|a 669.12
|z rus
|v 3
|
| 702 |
|
1 |
|a Манохин
|b А. И.
|g Анатолий Иванович
|4 340
|
| 712 |
0 |
2 |
|a Академия наук СССР (АН СССР)
|b Институт металлургии им. А. А. Байкова (ИМЕТ)
|c (Москва)
|2 stltpush
|3 (RuTPU)RU\TPU\col\312
|
| 801 |
|
0 |
|a RU
|b RuMRKP
|c 19960705
|g psbo
|
| 801 |
|
1 |
|a RU
|b 63413507
|c 20130110
|
| 801 |
|
2 |
|a RU
|b 63413507
|c 20221219
|g RCR
|
| 942 |
|
|
|c BK
|